00642 2200241 4500001002100000005001500021035002000036007000300056008004100059020002200100082001000122084001600132100001700148245005200165250001000217260004700227300003300274650002700307700001700334504002700351990001100378990001100389INLIS00000000000337120090102013455 a0010-0109000034ta090102 g 0 ind  a978-602-51556-4-2 a639.3 a639.3 ABD b0 aABDUL, Qolik1 aBudidaya Gurame agar Cepat Besar /cAbdul Qolik acet.1 aYogyakarta :bHijaz Pustaka Mandiri,c2018 aiv, 89 hlm :bilus. ;c21 cm 4aPERIKANAN. IKAN GURAME0 aNUR, Iswarso aBibliografi: hlm 87-89 a6674 a a6674 b